000 00521nam a2200169Ia 4500
008 090123s9999 xx 000 0 und d
082 _b5811
100 _aकणेकर शिरिष मधुकर
245 _aक्रिकेटवेध
250 _a1
300 _a207
600 _aकणेकर शिरिष मधुकर
630 _aक्रिकेटवेध
700 _aकणेकर शिरिष मधुकर
730 _aक्रिकेटवेध
942 _cBOOK
999 _c43875
_d43875